Statistics for Indie Lo-Fi Alternative Rock Shoegaze Folk Albums

Click here to take the quiz!

General Stats

  • This quiz has been taken 74 times
  • The average score is 11 of 32

Answer Stats

HintAnswer% Correct
RadioheadIn Rainbows
78%
SlowdiveSouvlaki
78%
Neutral Milk HotelIn The Aeroplane Over The Sea
73%
American FootballAmerican Football
64%
The MicrophonesThe Glow, Pt.2
56%
Beach HouseDepression Cherry
54%
GorillazPlastic Beach
54%
Car Seat HeadrestTwin Fantasy
54%
Elliott SmithEither/Or
51%
Sufjan StevensIllinois
51%
WilcoYankee Hotel Foxtrot
49%
DusterStratosphere
47%
PavementCrooked Rain, Crooked Rain
42%
The Flaming LipsYoshimi Battles The Pink Robots
42%
Dinosaur Jr.You're Living All Over Me
39%
Yo La TengoI Can Hear The Heart Beating As One
34%
Blur13
32%
BeckSea Change
29%
Aphex TwinDrukqs
25%
DeerhunterMicrocastle
25%
Silver JewsAmerican Water
20%
Neil YoungHarvest
20%
Sun Kil MoonGhosts Of The Great Highway
19%
PinegroveCardinal
8%
The War On DrugsLost In The Dream
8%
King Krule6 Feet Beneath The Moon
7%
GomezBring It On
5%
The Good, The Bad And The QueenThe Good, The Bad And The Queen
3%
Built To SpillYou In Reverse
3%
Ariel PinkHouse Arrest
2%
The Dead CThe White House
2%
Do Make Say ThinkYou You're A History In Rust
2%

Score Distribution

Percentile by Number Answered

Percent of People with Each Score

Your Score History

You have not taken this quiz